| 000 | 00642nam a2200181 a 4500 | ||
|---|---|---|---|
| 001 | 000044255 | ||
| 005 | 20201002045240.0 | ||
| 008 | 140611s2006 dr a 000 0 spa d | ||
| 020 | _a9945420143 | ||
| 040 |
_aDO-SdBNP _bspa _cBNPHU |
||
| 082 |
_axxxxxx _bxxxxxx |
||
| 100 | 1 |
_aUbiera Hunt, Letty Milosis, _d1957- _972259 |
|
| 245 | 1 | 0 |
_aVivencias del lechuguero / _cLetty Milosis Ubiera Hunt ; prólogo José F. López Larache. |
| 260 |
_aSanto Domingo : _bAngeles de Fierro, _c2006. |
||
| 300 |
_a189 p. : _bil. ; _c21 cm. |
||
| 500 | _aIncluye datos biográficos del autor en las solapas | ||
| 700 | 1 |
_aLópez Larache, José F., _epról. _972260 |
|
| 999 |
_c43744 _d43744 |
||